| 000 | 00701cam a22002413a 4500 | ||
|---|---|---|---|
| 001 | 276 | ||
| 003 | PGUSA | ||
| 005 | 20140828082946.0 | ||
| 008 | 950601s1995||||xxu|||||s|||||000 | eng d | ||
| 040 |
_aPGUSA _beng |
||
| 042 | _adc | ||
| 050 | 4 | _aM | |
| 100 | 1 |
_aHaydn, Joseph, _d1732-1809 |
|
| 245 | 1 | 0 |
_aFranz Haydn's 104th Symphony [1794-5] : _bMIDI file _h[electronic resource] / _cJoseph Haydn |
| 260 |
_bProject Gutenberg, _c1995 |
||
| 500 | _aMIDI file | ||
| 506 | _aCopyrighted. Read the copyright notice inside this book for details. | ||
| 516 | _aElectronic text | ||
| 653 | _aMusic | ||
| 830 | 0 |
_aProject Gutenberg _v276 |
|
| 856 | 4 | 0 | _uhttp://www.gutenberg.org/ebooks/276 |
| 942 | _cEB | ||
| 999 |
_c229629 _d229629 |
||